Finance : (Record no. 288313)
[ view plain ]
| 000 -LEADER | |
|---|---|
| fixed length control field | 02204cam a22003018i 4500 |
| 001 - CONTROL NUMBER | |
| control field | SSB064068 |
| 003 - CONTROL NUMBER IDENTIFIER | |
| control field | PILC |
| 005 - DATE AND TIME OF LATEST TRANSACTION | |
| control field | 20150804144537.0 |
| 008 - FIXED-LENGTH DATA ELEMENTS--GENERAL INFORMATION | |
| fixed length control field | 131021s2015 nyu 001 0 eng |
| 010 ## - LIBRARY OF CONGRESS CONTROL NUMBER | |
| LC control number | 2013038214 |
| 020 ## - INTERNATIONAL STANDARD BOOK NUMBER | |
| International Standard Book Number | 9780077861681 (alk. paper) |
| 040 ## - CATALOGING SOURCE | |
| Original cataloging agency | DLC |
| Language of cataloging | eng |
| Transcribing agency | DLC |
| Description conventions | rda |
| 042 ## - AUTHENTICATION CODE | |
| Authentication code | pcc |
| 050 00 - LIBRARY OF CONGRESS CALL NUMBER | |
| Classification number | HG 173 |
| Item number | .C815 2015 |
| 100 1# - MAIN ENTRY--PERSONAL NAME | |
| Personal name | Cornett, Marcia Millon. |
| 245 10 - TITLE STATEMENT | |
| Title | Finance : |
| Remainder of title | applications & theory / |
| Statement of responsibility, etc | Marcia Millon Cornett, Troy A. Adair Jr. and John Nofsinger. |
| 250 ## - EDITION STATEMENT | |
| Edition statement | Third edition. |
| 260 ## - PUBLICATION, DISTRIBUTION, ETC. (IMPRINT) | |
| Place of publication, distribution, etc | New York : |
| Name of publisher, distributor, etc | McGraw-Hill, |
| Date of publication, distribution, etc | 2015. |
| 263 ## - PROJECTED PUBLICATION DATE | |
| Projected publication date | 1501. |
| 300 ## - PHYSICAL DESCRIPTION | |
| Extent | xxxviii, 725 pages : |
| Other physical details | color illustrations ; |
| Dimensions | 28 cm. |
| 440 ## - SERIES STATEMENT/ADDED ENTRY--TITLE | |
| Title | The McGraw-Hill/Irwin series in finance, insurance and real estate. |
| 500 ## - GENERAL NOTE | |
| General note | Includes index. |
| 505 0# - FORMATTED CONTENTS NOTE | |
| Formatted contents note | : introduction -- Introduction to financial management -- Financial statements -- Reviewing financial statements -- Analyzing financial statements -- Valuing of future cash flows -- Time value of money -- Analyzing single cash flows -- Time value of money Analyzing annuity cash flows -- Valuing of bonds and stocks -- Understanding financial markets and institutions -- Valuing bonds -- Valuing stocks -- Risk and return -- Characterizing risk and return -- Estimating risk and return -- Capital budgeting -- Calculating the cost of capital -- Estimating cash flows on capital budgeting projects -- Weighing net present value and other capital budgeting criteria -- Working capital management and financial planning -- Working capital management and policies -- Financial planning and forecasting -- Capital structure issues -- Assessing long-term debt, equity, and capital structure -- Sharing firm wealth: dividends, share repurchases, and other payouts -- Issuing capital and the investment banking process -- Other topics in finance -- International corporate finance -- Mergers and acquisitions and financial distress -- Answers to time-out -- Appendix A: Present value and future value tables -- Appendix B: Selected answers to end-of-chapter problems -- Index. |
| 650 #0 - SUBJECT ADDED ENTRY--TOPICAL TERM | |
| Topical term or geographic name as entry element | Finance. |
| 700 1# - ADDED ENTRY--PERSONAL NAME | |
| Personal name | Adair, Troy A. |
| Fuller form of name | (Troy Alton), |
| Dates associated with a name | 1964- |
| 700 1# - ADDED ENTRY--PERSONAL NAME | |
| Personal name | Nofsinger, John R. |
| 942 ## - ADDED ENTRY ELEMENTS (KOHA) | |
| Source of classification or shelving scheme | Library of Congress Classification |
| Koha item type | Books |
| Call number prefix | Foreign |
| Withdrawn status | Lost status | Source of classification or shelving scheme | Damaged status | Home library | Current library | Shelving location | Date acquired | Source of acquisition | Cost, normal purchase price | Sub Shelving location | Total Checkouts | Total Renewals | Full call number | Barcode | Date last seen | Date checked out | Price effective from | Koha item type |
|---|---|---|---|---|---|---|---|---|---|---|---|---|---|---|---|---|---|---|
| Library of Congress Classification | College Library | College Library | Reserve Section | 08/04/2015 | Library Fund | 2538.00 | 1 | 6 | HG 173 .C815 2015 | C19634 | 10/05/2020 | 06/27/2017 | 08/04/2015 | Books |